Manzoni e Rosmini : 2 ottobre 1997.

Bibliographic Details
Corporate Author: Istituto lombardo-accademia di scienze e lettere
Format: Book
Language:Italian
Published: Milano : Istituto lombardo di scienze e lettere, 1998.
Series:Incontro di studio ; n. 15.
Subjects:

MARC

Tag First Indicator Second Indicator Subfields
LEADER 00000cam a2200000Ia 4500
001 in00001521208
005 20151021165736.0
008 000211s1998 it a b 100 0 ita d
035 |a (OCoLC)42577208 
040 |a C3L  |c C3L  |d CGU  |d TXA  |d UtOrBLW 
043 |a e-it--- 
045 |a v0w1  |a w1w9 
049 |a TXAM 
082 1 4 |a 853 
090 |a PQ4715  |b .M396 1998 
245 0 0 |a Manzoni e Rosmini :  |b 2 ottobre 1997. 
264 1 |a Milano :  |b Istituto lombardo di scienze e lettere,  |c 1998. 
300 |a 257 pages :  |b illustrations ;  |c 24 cm. 
336 |a text  |b txt  |2 rdacontent 
337 |a unmediated  |b n  |2 rdamedia 
338 |a volume  |b nc  |2 rdacarrier 
490 1 |a Incontro di studio ;  |v n. 15 
504 |a Includes bibliographical references. 
600 1 0 |a Manzoni, Alessandro,  |d 1785-1873  |x Criticism and interpretation  |v Congresses. 
600 1 0 |a Rosmini, Antonio,  |d 1797-1855  |x Influence  |v Congresses. 
710 2 |a Istituto lombardo-accademia di scienze e lettere. 
830 0 |a Incontro di studio ;  |v n. 15. 
948 |a cataloged  |b h  |c 2000/2/11  |d c  |e jspillan  |f 2:15:46 pm 
994 |a E0  |b TXA 
999 |a MARS 
999 f f |s 0918c03b-5410-36ef-ba16-45cfdbda188b  |i 0a954091-9a7d-3ae2-98b8-5c0aa4435256  |t 0 
952 f f |p ric  |a Texas A&M University  |b Rellis Campus  |c Joint Library Facility  |d Remote Storage  |t 0  |e PQ4715 .M396 1998  |h Library of Congress classification  |i unmediated -- volume  |m A14825548046 
998 f f |a PQ4715 .M396 1998  |t 0  |l Remote Storage